000
00322nam a2200133Ia 4500
003
GCL
008
140319s9999 xx 000 0 ara d
040
_a
GCL /
_c
GCL
082
0
4
_a
ط
_b
920.71
_b
ف ح
100
1
_a
فاروق يوسف
245
1
0
_a
حى بن يقظان /
_c
فاروق يوسف
300
_a
47 ص
490
_a
999
_c
46241
_d
46241